Využitie Fentonovej a podobných oxidačných reakcií na čistenie reálnych a modelových odpadových vôd

Guardado en:
Detalles Bibliográficos
Autor principal: Domotorová, Judita (Autor)
Formato: Manuscrito Libro
Lenguaje:eslovaco
Publicado: Bratislava : STU v Bratislave ChtF, 1999
Edición:Obháj.: 7.6.1999
Etiquetas: Agregar Etiqueta
Sin Etiquetas, Sea el primero en etiquetar este registro!

MARC

LEADER 00000ntm a22000003a 4500
001 stu49985
005 20150617225708.2
008 990624s1999------------------------slo-d
040 |a STU  |b slo 
041 0 |a slo 
100 1 |a Domotorová, Judita  |4 aut 
245 1 |a Využitie Fentonovej a podobných oxidačných reakcií na čistenie reálnych a modelových odpadových vôd 
250 |a Obháj.: 7.6.1999 
260 |a Bratislava :  |b STU v Bratislave ChtF,  |c 1999 
300 |a 56 s 
500 |a Tab.,grafy,lit.,Zameranie: Chémia a technol.životného prostredia 
996 |b 284C008409  |c C*D12737  |l CCI  |s A  |a 24  |w stu49985_0001